1974 FIFA World Cup Quiz - Statistics

General Stats
  • This quiz has been taken 174 times
  • The average score is 13 of 16
Answer Stats
Answer % Correct
Brazil
97%
Argentina
94%
West Germany
93%
Italy
90%
Netherlands
86%
Yugoslavia
84%
Sweden
83%
Uruguay
82%
Chile
81%
Poland
81%
East Germany
79%
Scotland
79%
Australia
70%
Zaire
66%
Bulgaria
60%
Haiti
52%
No matching quizzes found
Score Distribution
Percent of People with Each Score
Percentile by Number Answered
Your Score History
You have not taken this quiz